000 00471nam a2200133Ia 4500
008 090124s9999 xx 000 0 und d
082 _b17966
_a783
245 _a प्रतिज्ञा नाटकातील गीतपर्व
250 _a0
300 _a18
630 _a प्रतिज्ञा नाटकातील गीतपर्व
730 _a प्रतिज्ञा नाटकातील गीतपर्व
942 _cBOOK
999 _c131907
_d131907